000 00364nam a2200157Ia 4500
008 230711s9999||||xx |||||||||||||| ||und||
041 _aENG
082 _a624
_bHU-P
100 _aHurst,M.K
245 0 _aPrestressed concrete design
250 _a2nd Ed.
260 _c1988
_aNew York
_bThomas Telford
300 _a262
650 _aCivil Engineering
942 _cBK
999 _c759
_d759